00285nam a2200121Ia 45000030006000000080041000060400015000471000022000622450041000842600009001255460012001340050017001460STCL150530s9999 xx 000 0 und d aSTCLcSTCL aSubramanian, K.N. aLabour management relations in India c1967 aEnglish20220125165515.0